000 00677nam a2200193 i 4500
001 39852
003 ES-MaACL
005 20230906160107.0
007 t|
008 030304s1965 sp a |||| | spa d
080 _a967.5
100 1 _aCanto Hernández, Rosendo.
_934675
245 1 3 _aUn hispanoamericano en el Congo /
_cRosendo Canto Hernández.
260 _a[Madrid :
_bs.n.],
_c1965.
300 _a43 p. :
_bil. ;
_c21 cm.
594 _aEn verso de port.: "Conferencia pronunciada en el Colegio Mayor Universitario "Ximenez de Cisneros", el día 19 de febrero de 1965"
651 4 _aCongo (República Democrática)-
_xHistoria.
_9166738
852 _aES-MaACL
_j2052-F-12
999 _c39852
_d39852